Statistics for Guess the Lyrics #60

Click here to take the quiz!

General Stats

  • This quiz has been taken 1,418 times
    (342 since last reset)
  • The average score is 175 of 399

Answer Stats

Lyrics% Correct
I
97%
a
95%
the
90%
you
90%
and
76%
And
76%
love
75%
love,
75%
me,
74%
me
74%
me?
74%
to
74%
To
74%
when
74%
who,
70%
who
70%
in
66%
On
65%
on,
65%
My
62%
my
62%
So
60%
that
53%
ha
50%
Ha
50%
of
48%
With
46%
with
46%
oh
45%
Oh!
45%
oh-oh-oh
45%
feel
44%
want
44%
It's
42%
up
41%
How
39%
how
39%
this
39%
man
38%
night
38%
loves
37%
wanna
37%
time
36%
Yeah!
36%
Yeah
36%
yeah
36%
(Dance!)
35%
dance
35%
(Dance)
35%
dance,
35%
dance?
35%
heart
35%
Come
33%
day
33%
down
33%
heat
33%
his
33%
somebody
33%
Somebody
33%
been
31%
get
31%
now
31%
Now
31%
or
31%
say
31%
baby
30%
out
30%
need
28%
take
28%
I've
26%
last
25%
sun
24%
boy
23%
lonely
23%
falls
22%
away
21%
hold
21%
light
20%
Hey
19%
Hey,
19%
Don't-cha
18%
don't-cha
18%
I Wanna Dance with Somebody - Whitney Houston
18%
arms,
17%
calls
17%
chance
17%
ends
15%
enough
15%
hot
15%
Ooh,
15%
ooh
15%
Ooh
15%
Still
15%
begins
14%
done
14%
Clock
13%
fade
13%
hour
13%
upon
13%
blues
12%
shows
12%
strikes
12%
'til
12%
who'll
12%
wind
12%
Woo!
12%
burns
11%
chase
11%
feeling
11%
figure
11%
Loneliness
11%
lost
11%
through
11%
Whoa
11%
alright
9%
later,
9%
Huh
8%
senses
8%
Sooner
8%
town
8%
fever
7%
Spinning
7%
Uh-huh
3%
uh-huh
3%

Score Distribution

Percentile by Number Answered

Percent of People with Each Score

Your Score History

You have not taken this quiz since the last reset